| 000 | 00507nam a2200157 a 4500 | ||
|---|---|---|---|
| 001 | 000009465 | ||
| 005 | 20200929161613.0 | ||
| 008 | 090930s1949 dr 000 0 spa d | ||
| 040 |
_aDO-SdBNP _bspa _cBNPHU |
||
| 082 |
_axxx _bP376c |
||
| 100 | 1 |
_aPeguero Hijo, Miguel Ángel _924271 |
|
| 245 | 1 | 0 |
_aComo un ramo de rosas : _bversos de toda una vida / _cMiguel Ángel Peguero Hijo. |
| 260 |
_aCiudad Trujillo, Republica Dominicana : _bMoisés A. Pellerano, _c1949. |
||
| 300 |
_a76 p. ; _c24 cm. |
||
| 049 | _aBNPD | ||
| 999 |
_c9225 _d9225 |
||